International Trade and Inclusive Economic Growth: A Case Study of Peru and China (Record no. 43619)

MARC details
000 -LEADER
fixed length control field 00540nam a22001697a 4500
005 - DATE AND TIME OF LATEST TRANSACTION
control field 20250416121352.0
008 - FIXED-LENGTH DATA ELEMENTS--GENERAL INFORMATION
fixed length control field 250416b |||||||| |||| 00| 0 eng d
020 ## - INTERNATIONAL STANDARD BOOK NUMBER
International Standard Book Number 9781837534715
041 ## - LANGUAGE CODE
Language code of text/sound track or separate title eng
082 ## - DEWEY DECIMAL CLASSIFICATION NUMBER
Classification number 338.9 BUS
100 ## - MAIN ENTRY--PERSONAL NAME
Author Bustinza, Harold Delfin Angulo
245 ## - TITLE STATEMENT
Title International Trade and Inclusive Economic Growth: A Case Study of Peru and China
260 ## - PUBLICATION, DISTRIBUTION, ETC.
Place UK
Publisher Emerald Publishing Limited
Publication Year 2024
300 ## - PHYSICAL DESCRIPTION
Extent 116;. pages: 24 cm
650 ## - SUBJECT ADDED ENTRY--TOPICAL TERM
Subject Development Economics; Economic Growth; Economic Policy
942 ## - ADDED ENTRY ELEMENTS (KOHA)
Koha item type Books
Holdings
Withdrawn status Lost status Source of classification or shelving scheme Damaged status Not for loan Home library Current library Shelving location Accession Date Vendor Price Bill number Total Checkouts Total Renewals Full call number Barcode No Date last seen Date last checked out Discount Bill Date Koha item type Suggested By
    Dewey Decimal Classification     IMTN IMTN Rack 13-A 03/27/2025 Raghav Books Private Limited 8347.50 2374 1 1 338.9 BUS 33877 07/30/2025 07/02/2025 33 02/14/2025 Books Rohan Santhosh (2023372)
Designed & Maintained by: LRC IMT Nagpur Contact: lrc@imtnag.ac.in© 2024. All Rights Reserved.